00782nam a2200265 b 4500001000900000003000900009005001700018007000900035008003100044016001300075017000900088020001500097035000600112040002500118080000600143100003100149245005300180260004600233300002600279942001200305945002800317952011700345956003900462999001500501 0994562DO-SdBNP20180221152504.0 0994562980922s19uu lo ||| ||eng 7 a 2BPMSU a b  a0743205957 a  aBPMSUbspacBPMSUe  0a 1 aPotter, Beatrixd1866-194314aThe tale of Benjamin bunny /h cBeatrix Potter  aLondon : bFrederick Warne,c[190?]e f  a61 p. : bil.;c14 cm 2ddccBK aInventariado, 2018 / BT 00102ddc40708CI-GaBPMETbBPMETd2016-04-25eFUNDIl0o2016-03-30pBPMSU16040664r2016-04-25w2016-04-25yBK a VMATEO2103201604256BPMSU80069 c9908d9908